Statistics for Countries Measured in Texas's

Click here to take the quiz!

General Stats

  • This quiz has been taken 56 times
  • The average score is 29 of 38

Answer Stats

How Many Texases can fit insideCountry% Correct
14 TexasCanada
100%
13 TexasChina
100%
24 TexasRussia
98%
11 TexasAustralia
96%
12 TexasBrazil
96%
3 TexasAlgeria
94%
3 TexasDemocratic Republic of the Congo
92%
4 TexasIndia
90%
13 TexasUsa
90%
3 TexasArgentina
88%
2 TexasIran
88%
1 TexasSouth Africa
88%
2 TexasMexico
86%
1 TexasNiger
86%
2 TexasIndonesia
84%
2 TexasLibya
82%
1 TexasPakistan
82%
3 TexasSaudi Arabia
82%
2 TexasMongolia
80%
1 TexasNigeria
80%
2 TexasSudan
78%
1 TexasColombia
75%
1 TexasEgypt
75%
3 TexasKazakhstan
75%
1 TexasChad
73%
1 TexasPeru
73%
1 TexasMali
69%
1 TexasTurkey
69%
1 TexasEthiopia
67%
1 TexasAngola
65%
1 TexasChile
65%
1 TexasMauritania
65%
1 TexasBolivia
63%
1 TexasVenezuela
61%
1 TexasNamibia
57%
1 TexasTanzania
57%
1 TexasMozambique
45%
1 TexasZambia
31%

Score Distribution

Percentile by Number Answered

Percent of People with Each Score

Your Score History

You have not taken this quiz